Словарьязыка Пушкина: в 4 т.
| 其他作者: | , |
|---|---|
| 语言: | 俄语 |
| 出版: |
Москва, Гос. изд-во иностранных и национальных словарей, 1956-1959
|
| 格式: | MixedMaterials 图书 |
| KOHA link: | https://koha.lib.tpu.ru/cgi-bin/koha/opac-detail.pl?biblionumber=359946 |
MARC
| LEADER | 00000nam1a2200000 4500 | ||
|---|---|---|---|
| 001 | 359946 | ||
| 005 | 20231101042838.0 | ||
| 035 | |a (RuTPU)RU\TPU\retro\17252 | ||
| 090 | |a 359946 | ||
| 100 | |a 20210210d19561959m y0rusy50 ca | ||
| 101 | 0 | |a rus | |
| 102 | |a RU | ||
| 200 | 1 | |a Словарьязыка Пушкина |e в 4 т. |f сост. С. И. Бернштейн, А. Д. Григорьева | |
| 210 | |a Москва |c Гос. изд-во иностранных и национальных словарей |d 1956-1959 | ||
| 702 | 1 | |a Бернштейн |b С. И. |4 220 | |
| 702 | 1 | |a Григорьева |b А. Д. |4 220 | |
| 801 | 1 | |a RU |b 63413507 |c 20210210 | |
| 942 | |c BK | ||